Innovative Sustainable Food Packaging

Zabezpečenie bezpečnosti balených potravín. Používanie recyklovaných, biologicky odbúrateľných alebo kompostovateľných obalov. Obaly šetrné k životnému prostrediu a trvalo udržateľné balenie potravín.

Saved in:
Bibliographic Details
Main Author: Jarossová, Malgorzata Agnieszka, 1978-
Other Authors: Gondárová, Jana, 1983-
Format: Book Chapter
Language:English
Subjects:
Tags: Add Tag
No Tags, Be the first to tag this record!

MARC

LEADER 00000naa$a2200000$$$4500
001 0281048
005 20240502074351.5
041 0 |a eng 
044 |a SK 
245 1 0 |a Innovative Sustainable Food Packaging  |c Malgorzata Agnieszka Jarossová, Jana Gondárová 
520 |a Zabezpečenie bezpečnosti balených potravín. Používanie recyklovaných, biologicky odbúrateľných alebo kompostovateľných obalov. Obaly šetrné k životnému prostrediu a trvalo udržateľné balenie potravín. 
610 2 0 |a balenie 
610 2 0 |a obaly 
610 2 0 |a potraviny 
610 2 0 |a prostredie životné 
610 2 0 |a dizajn 
610 2 0 |a inovácia 
100 1 |a Jarossová, Malgorzata Agnieszka, 1978- 
700 1 |a Gondárová, Jana, 1983-